000 00511nam a2200181Ia 4500
005 20250508151003.0
008 008 250505s9999 xx 000 0 eng d
037 _aTextual
040 _aFEDL
_beng
_cFEDL
041 _aeng
_2eng
084 _a915.4, MUR
_qFEDL
245 0 _aHand book for travellers in India and Pakistan Burma and Ceylon
250 _a16th
260 _aLondon, UK
_bJohn Murray
_c1949
300 _acxxiv,792p.
942 _cTEXL
_h915.4, MUR
999 _c1326889
_d1326889